[Event "FICGS class D 000267 email"]
[Site "FICGS email"]
[Date "2020.07.17"]
[Round "1"]
[White "Trigance, Emile"]
[Black "King, Kevin"]
[Result "0-1"]
[WhiteElo "1665"]
[BlackElo "1546"]
[PlyCount "38"]
[EventDate "2020.??.??"]
[EventType "tourn (corr)"]
[EventRounds "6"]
[SourceTitle "Corr 2022"]
[Source "ChessBase"]
[SourceDate "2021.10.24"]
[SourceVersion "1"]
[SourceVersionDate "2021.10.24"]
[SourceQuality "1"]

1. g4 d5 2. Bg2 e6 3. d4 c5 4. Nf3 Nc6 5. h3 h5 6. g5 Nge7 7. c3 Ng6 8. 0-0 Be7 9. h4 e5 10. e3 e4 11. Nh2 Nxh4 12. g6 Rh6 13. gxf7+ Kf8 14. Kh1 Nxg2 15. Kxg2 Rg6+ 16. Kh1 Bd6 17. f4 exf3 18. Nxf3 Qd7 19. Qe2 Qh3+ 0-1

[Event "FICGS class F 000225 email"]
[Site "FICGS email"]
[Date "2020.02.09"]
[Round "1"]
[White "Puzanov, Vasyl"]
[Black "King, Kevin"]
[Result "1/2-1/2"]
[WhiteElo "620"]
[BlackElo "1177"]
[PlyCount "51"]
[EventDate "2020.??.??"]
[EventType "tourn (corr)"]
[EventRounds "5"]
[SourceTitle "Corr 2022"]
[Source "ChessBase"]
[SourceDate "2021.10.24"]
[SourceVersion "1"]
[SourceVersionDate "2021.10.24"]
[SourceQuality "1"]

1. e3 e6 2. d4 Nf6 3. c4 d5 4. Nc3 Be7 5. cxd5 exd5 6. Nf3 Bf5 7. Bd3 Bxd3 8. Qxd3 c6 9. 0-0 Nbd7 10. Re1 0-0 11. e4 dxe4 12. Nxe4 Nxe4 13. Qxe4 Re8 14. Qf5 Nf8 15. Bg5 g6 16. Bxe7 Rxe7 17. Qc5 Ne6 18. Qc3 Qd6 19. g3 Rd8 20. Kg2 Red7 21. Rad1 Qf8 22. Rd2 Qg7 23. b4 Qf6 24. Rd3 Rd6 25. h4 Rd5 26. Re4 1/2-1/2

[Event "FICGS class F 000224 email"]
[Site "FICGS email"]
[Date "2020.01.13"]
[Round "1"]
[White "Marcel, Alexis"]
[Black "King, Kevin"]
[Result "0-1"]
[WhiteElo "1213"]
[BlackElo "1177"]
[PlyCount "72"]
[EventDate "2020.??.??"]
[EventType "tourn (corr)"]
[EventRounds "5"]
[SourceTitle "Corr 2022"]
[Source "ChessBase"]
[SourceDate "2021.10.24"]
[SourceVersion "1"]
[SourceVersionDate "2021.10.24"]
[SourceQuality "1"]

1. f4 Nf6 2. Nf3 g6 3. e3 Bg7 4. b3 c5 5. Bb2 0-0 6. Be2 Nc6 7. 0-0 d6 8. a3 h6 9. Nc3 Bd7 10. Qc1 a6 11. h3 Qc7 12. Nd5 Qd8 13. Nxf6+ exf6 14. Kh2 Qc7 15. a4 b6 16. Qd1 Be6 17. g4 d5 18. Kg2 Rad8 19. Qe1 Rfe8 20. Bxa6 Qe7 21. Bb5 Bd7 22. Kg3 Qe6 23. Nh4 Qe4 24. Bd3 Qe7 25. Nxg6 fxg6 26. Bxg6 Rf8 27. f5 Na5 28. Qf2 Rc8 29. Rae1 c4 30. bxc4 Nxc4 31. Bc1 Nd6 32. d3 Nf7 33. Bb2 Bxa4 34. c3 Ne5 35. Qe2 Nxg6 36. fxg6 Be8 0-1

[Event "FICGS class F 000223 email"]
[Site "FICGS email"]
[Date "2020.01.04"]
[Round "1"]
[White "Bromo, Alexis"]
[Black "King, Kevin"]
[Result "0-1"]
[WhiteElo "1160"]
[BlackElo "1177"]
[PlyCount "22"]
[EventDate "2020.??.??"]
[EventType "tourn (corr)"]
[EventRounds "5"]
[SourceTitle "Corr 2022"]
[Source "ChessBase"]
[SourceDate "2021.10.24"]
[SourceVersion "1"]
[SourceVersionDate "2021.10.24"]
[SourceQuality "1"]

1. e4 e6 2. d4 d5 3. Nc3 Bb4 4. Bd3 dxe4 5. Bxe4 Nf6 6. Bd2 Bxc3 7. Bxc3 Nxe4 8. Qg4 Nxc3 9. bxc3 0-0 10. h4 e5 11. 0-0-0 Bxg4 0-1

[Event "FICGS class F 000071 email"]
[Site "FICGS email"]
[Date "2009.01.08"]
[Round "1"]
[White "King, Kevin"]
[Black "Neil, Charles"]
[Result "0-1"]
[WhiteElo "1328"]
[BlackElo "1142"]
[PlyCount "34"]
[EventDate "2009.??.??"]
[EventType "tourn (corr)"]
[EventRounds "5"]
[SourceTitle "Corr 2022"]
[Source "ChessBase"]
[SourceDate "2021.10.24"]
[SourceVersion "1"]
[SourceVersionDate "2021.10.24"]
[SourceQuality "1"]

1. d4 Nf6 2. c4 e6 3. Nc3 Bb4 4. e3 0-0 5. Qc2 d5 6. Bd3 c5 7. Nge2 cxd4 8. exd4 dxc4 9. Bxc4 Nc6 10. Be3 Re8 11. 0-0 e5 12. Rad1 e4 13. h3 Bf5 14. Ng3 Bg6 15. Rc1 Rc8 16. Qb3 Bd6 17. Rfe1 Na5 0-1

[Event "FICGS class E 000098 email"]
[Site "FICGS email"]
[Date "2008.12.06"]
[Round "1"]
[White "Stoyanov, Zdravko"]
[Black "King, Kevin"]
[Result "1-0"]
[WhiteElo "1340"]
[BlackElo "1325"]
[PlyCount "65"]
[EventDate "2008.??.??"]
[EventType "tourn (corr)"]
[EventRounds "5"]
[SourceTitle "Corr 2022"]
[Source "ChessBase"]
[SourceDate "2021.10.24"]
[SourceVersion "1"]
[SourceVersionDate "2021.10.24"]
[SourceQuality "1"]

1. e4 e6 2. Nf3 d5 3. e5 c5 4. c3 Nc6 5. Bb5 Bd7 6. Bxc6 bxc6 7. 0-0 f6 8. Re1 fxe5 9. Rxe5 Bd6 10. Re2 Nf6 11. d4 c4 12. Ng5 Qc7 13. g3 h6 14. Nxe6 Bxe6 15. Rxe6+ Kd7 16. Re2 Rae8 17. Be3 g5 18. Nd2 Re6 19. b4 Rhe8 20. a4 Ng4 21. Nf1 Nf6 22. a5 Ke7 23. Nd2 Kf8 24. Qf1 Ng4 25. Rae1 Qg7 26. Nf3 Nf6 27. Qh3 g4 28. Qh4 h5 29. Ng5 R6e7 30. h3 Qg6 31. hxg4 hxg4 32. Qh8+ Qg8 33. Qxf6+ 1-0

[Event "FICGS class F 000068 email"]
[Site "FICGS email"]
[Date "2008.11.01"]
[Round "1"]
[White "King, Kevin"]
[Black "Porkolab, Sandor"]
[Result "0-1"]
[WhiteElo "1325"]
[BlackElo "1298"]
[PlyCount "56"]
[EventDate "2008.??.??"]
[EventType "tourn (corr)"]
[EventRounds "5"]
[SourceTitle "Corr 2022"]
[Source "ChessBase"]
[SourceDate "2021.10.24"]
[SourceVersion "1"]
[SourceVersionDate "2021.10.24"]
[SourceQuality "1"]

1. e4 c5 2. Nf3 d6 3. c4 Nc6 4. d3 e6 5. Nc3 g6 6. g3 Bg7 7. Bg2 Nge7 8. Be3 0-0 9. a3 Nd4 10. 0-0 Nec6 11. Rb1 Bd7 12. b4 Nxf3+ 13. Bxf3 Bxc3 14. bxc5 Bc8 15. Qc1 Bg7 16. cxd6 Qxd6 17. Rd1 e5 18. Rb5 Nd4 19. Bxd4 Qxd4 20. Rd5 Qb6 21. Rd2 Be6 22. Rb5 Qd4 23. Rxb7 Bh6 24. Qb2 Bxd2 25. Qxd2 Rab8 26. Rxb8 Rxb8 27. Kg2 Rb2 28. Qa5 Qxf2+ 0-1

[Event "FICGS class E 000083 email"]
[Site "FICGS email"]
[Date "2008.05.24"]
[Round "1"]
[White "King, Kevin"]
[Black "Stoyanov, Zdravko"]
[Result "1-0"]
[WhiteElo "1318"]
[BlackElo "1343"]
[PlyCount "73"]
[EventDate "2008.??.??"]
[EventType "tourn (corr)"]
[EventRounds "5"]
[SourceTitle "Corr 2022"]
[Source "ChessBase"]
[SourceDate "2021.10.24"]
[SourceVersion "1"]
[SourceVersionDate "2021.10.24"]
[SourceQuality "1"]

1. d4 d5 2. c4 c6 3. Nc3 e6 4. e4 Bb4 5. cxd5 Bxc3+ 6. bxc3 cxd5 7. Qg4 Qf6 8. exd5 Nh6 9. Bxh6 Qxh6 10. Bb5+ Bd7 11. Bxd7+ Nxd7 12. dxe6 Qxe6+ 13. Qxe6+ fxe6 14. Nf3 0-0 15. Rb1 b6 16. Kd2 Nf6 17. c4 Ne4+ 18. Ke3 Nc3 19. Rb3 Na4 20. Rb4 Nc3 21. Ra1 Rab8 22. a4 Rbc8 23. Kd3 a5 24. Rxb6 Rb8 25. Rxb8 Rxb8 26. Kxc3 Kf7 27. Ne5+ Ke8 28. Re1 Rb4 29. Nc6 Rb6 30. Rxe6+ Kd7 31. d5 Kc7 32. c5 Ra6 33. Re7+ Kc8 34. Ne5 Rf6 35. d6 Kd8 36. Nc6+ Kc8 37. Rc7# 1-0

[Event "FICGS class E 000064 email"]
[Site "FICGS email"]
[Date "2007.10.16"]
[Round "1"]
[White "Brieler, Jay"]
[Black "King, Kevin"]
[Result "1-0"]
[WhiteElo "1350"]
[BlackElo "1570"]
[PlyCount "57"]
[EventDate "2007.??.??"]
[EventType "tourn (corr)"]
[EventRounds "5"]
[SourceTitle "Corr 2022"]
[Source "ChessBase"]
[SourceDate "2021.10.24"]
[SourceVersion "1"]
[SourceVersionDate "2021.10.24"]
[SourceQuality "1"]

1. e4 e5 2. Nf3 Nc6 3. d4 exd4 4. Nxd4 Nf6 5. Nc3 Bb4 6. Nxc6 Bxc3+ 7. bxc3 bxc6 8. Bc4 d5 9. exd5 cxd5 10. Bb5+ Bd7 11. Qe2+ Qe7 12. Qxe7+ Kxe7 13. Bxd7 Kxd7 14. 0-0 Ne4 15. c4 dxc4 16. Bb2 c3 17. Ba3 c5 18. Rfe1 Rhe8 19. Rad1+ Nd2 20. Rxe8 Rxe8 21. Bxc5 Rb8 22. Bd4 Rb1 23. Rxb1 Nxb1 24. Bxg7 Na3 25. Bxc3 Nxc2 26. g4 Na3 27. f4 Nc4 28. Kf2 Nd6 29. Ke3 1-0

[Event "FICGS class E 000064 email"]
[Site "FICGS email"]
[Date "2007.10.16"]
[Round "1"]
[White "King, Kevin"]
[Black "Barradas, Anderson"]
[Result "0-1"]
[WhiteElo "1570"]
[BlackElo "1266"]
[PlyCount "54"]
[EventDate "2007.??.??"]
[EventType "tourn (corr)"]
[EventRounds "5"]
[SourceTitle "Corr 2022"]
[Source "ChessBase"]
[SourceDate "2021.10.24"]
[SourceVersion "1"]
[SourceVersionDate "2021.10.24"]
[SourceQuality "1"]

1. e4 e5 2. Nf3 Nf6 3. Nxe5 d6 4. Nf3 Nxe4 5. d4 Bg4 6. Be2 Nc6 7. c3 d5 8. 0-0 Bd6 9. Nbd2 Nxd2 10. Nxd2 Qh4 11. g3 Qh5 12. Bxg4 Qg6 13. Re1+ Ne7 14. Bh3 0-0 15. Bg2 c6 16. Nf1 Rfe8 17. Nd2 a6 18. c4 Bb4 19. cxd5 Nxd5 20. Bxd5 cxd5 21. Rxe8+ Rxe8 22. Nf3 Ba5 23. Be3 f5 24. Ne5 Qd6 25. a3 Bc7 26. Bf4 Qb6 27. b4 Bxe5 0-1

[Event "FICGS class E 000064 email"]
[Site "FICGS email"]
[Date "2007.10.16"]
[Round "1"]
[White "King, Kevin"]
[Black "Jiang, Matthew"]
[Result "0-1"]
[WhiteElo "1570"]
[BlackElo "1600"]
[PlyCount "46"]
[EventDate "2007.??.??"]
[EventType "tourn (corr)"]
[EventRounds "5"]
[SourceTitle "Corr 2022"]
[Source "ChessBase"]
[SourceDate "2021.10.24"]
[SourceVersion "1"]
[SourceVersionDate "2021.10.24"]
[SourceQuality "1"]

1. e4 e6 2. d4 d5 3. Nd2 c5 4. exd5 exd5 5. Ngf3 Nc6 6. dxc5 Bxc5 7. Nb3 Bd6 8. c3 Nf6 9. Bg5 Qe7+ 10. Be2 0-0 11. 0-0 Re8 12. Nfd4 Qe5 13. f4 Qe3+ 14. Rf2 Ne4 15. Qf1 Qxf2+ 16. Qxf2 Nxf2 17. Kxf2 f6 18. Bh4 Bxf4 19. Bg3 Be3+ 20. Kf1 Nxd4 21. cxd4 Bf5 22. Bf3 Be4 23. Bxe4 Rxe4 0-1